000 00788nam a2200253 a 4500
008
020 _a0130112879 (cased.)
049 _aMAIN
090 _aTA403
100 1 _aShackelford, James F.
245 1 0 _aIntroduction to materials science for engineers /
_cJames F. Shackelford.
250 _a5th ed.
260 _aUpper Saddle River, N.J. :
_bPrentice Hall,
_cc2000.
300 _axvii, 877 p., [6] p. of plates :
_bill. (some col.), 1 port. ;
_c26 cm.
500 _aPrevious ed.: 1996.
504 _aIncludes bibliographical references.
500 _aIncludes index.
650 0 _aMaterials.
907 _a.b10116485
_b19-04-12
_c01-04-04
003
005 20230123133651.0
040 _cNUST
942 _cBOOKS
_kTA403
999 _c152538
_d152538